| 000 | 00383nam a2200145Ia 4500 | ||
|---|---|---|---|
| 008 | 230917s9999||||xx |||||||||||||| ||und|| | ||
| 040 |
_e34250 _aMAIN |
||
| 041 | _aEnglish | ||
| 082 | _a658.3 R141M | ||
| 100 | _aRamaswamy, E A | ||
| 245 | 0 | _aManaging human resources: A contemporary text | |
| 260 |
_aOxford _bOxford University Press _c2000 |
||
| 300 | _avi, 322 p. | ||
| 942 | _cBK | ||
| 999 |
_c106530 _d106530 |
||